01293nam a2200241 a 450000100100000000500170001000800410002702000150006804000250008304100130010808200150012110000410013624000580017724504210023526000510065630000210070749000200072850000710074850000730081983000290089295201130092199900170103400004289920201002040501.0140212s1997 sp 000 0 spa d a8489747776 aDO-SdBNPbspacBNPHU17aspaheng axxxxbxxxx1 aVives, Juan Luis,d1492-1540.91761810aDe concordia et discordia in humano generelEspañol10aDe concordia et discordia in humano genere = Sobre la concordia y la discordia en el género humano :bDe pacificatione = Sobre la pacificación ; Quam misera esset vita christianorum sub turca = Cuán desgraciada sería la vida de los cristianos bajo los turcos /cJuan Luis Vives ; introducción de Valerio del Nero ; traducción del latín y notas, Francisco Calero, María Luisa Arribas y Pilar Usábel. a[Valencia] :bAjuntament de València,c1997. a404 p. ;c22 cm.1 aJ. L. vivesv8A aIncluye datos biográficos del autor en la solapa de la cubierta. aIncluye referencias bibliográficas y notas al pie de las páginas 0aJ. L. vives ;n8A970347 001050718MOaGRbGRcCTd2014-02-12iLF1l0oxxxx xxxxp42899-10r2020-06-25w2020-06-25y1ZNo se presta c42388d42388